000 00445nam a2200181Ia 4500
001 15657
005 20260306170212.0
008 260306t2007||||xx |||||||||||||| ||und||
041 _aESP
082 _a570.724
_bH39
100 _aHenríquez, Ana Mercedes
_eAUT
245 0 _aBIO-INTEC :
_buna metodología integradora
260 _c2007
300 _a248 páginas :
_c23 cm.
650 _aGEN
654 _aCCN
942 _cLIB
_dJUS
_fJUS
_2ddc
_n
999 _c15657
_d15657